00904nam a2200193 i 4500001000700000003000900007005001700016008004100033080001600074100003300090245016700123260007600290300003800366490007500404650006700479710006500546830007500611852002400686181756ES-MaACL20250809163921.0130325s1924 sp |||| | spa d a903(460.27)1 aPérez de Barradas, José.10aYacimientos paleolíticos del valle del Manzanares (Madrid) b: memoria que... de los trabajos realizados en 1922-23 / cpresenta Don José Pérez de Barradas. aMadrid : b[s.n.], c1924 (fTip. de la "Rev.de Arch., Bibl. y Museos") a19 p., VI lám. pleg. ; c24 cm.1 aJunta Superior de Excavaciones y Antigüedades ; vn. 60 = 7, 1922-23 7aExcavaciones arqueológicas-zMadrid (Comunidad Autónoma)22 aEspaña. bJunta Superior de Excavaciones y Antigüedades.0 aJunta Superior de Excavaciones y Antigüedades ; vn. 60 = 7, 1922-23 aES-MaACLjE-3372(7)